| 000 | 01256nam a2200301 i 4500 | ||
|---|---|---|---|
| 001 | 106573 | ||
| 003 | ES-MaACL | ||
| 005 | 20250811101607.0 | ||
| 007 | t| | ||
| 008 | 061130s1976 sp ||||1| spa d | ||
| 080 | _a75 González Prieto, Fermín (083.82) | ||
| 100 | 1 |
_aGonzález Prieto, Fermín. _958883 |
|
| 245 | 1 | 0 |
_aFermín González Prieto _b: exposición antológica : Ateneo de Madrid, Sala de Santa Catalina, del 8 de abril al 8 de mayo de 1976 / _c[textos de: José Camón Aznar, A. M. Campoy, Alberto Casal]. |
| 260 |
_aMadrid : _bAteneo de Madrid, _c1976. |
||
| 300 |
_a[16] p. : _bil. ; _c26 cm. |
||
| 490 | 1 | _aAteneo de Madrid. Sala de Santa Catalina | |
| 600 | 0 | 4 |
_aGonzález Prieto, Fermín _958883 |
| 610 | 2 | 7 |
_aAteneo de Madrid- _vExposiciones- _y1970-1979. _91921 |
| 655 | 7 |
_2tgfbne _9193628 _aCatálogos de exposiciones |
|
| 700 | 1 |
_aCamón Aznar, José, _d1898-1979 _934095 |
|
| 700 | 1 |
_aCampoy, A. M., _d1924-1993 _934292 |
|
| 700 | 1 |
_aCasal, Alberto. _936043 |
|
| 710 | 2 |
_aAteneo de Madrid. _bSala de Santa Catalina. _91964 |
|
| 830 | 0 | 0 |
_aAteneo de Madrid. _pSala de Santa Catalina _9185232 |
| 852 |
_aES-MaACL _j2209-F-46 . _9110625 _bR.138292 _cDEPOF |
||
| 942 |
_2udc _cFOLLETOS |
||
| 999 |
_c106573 _d106573 |
||